Indigenous preparations useful for pest and disease management (Record no. 61132)

MARC details
000 -LEADER
fixed length control field 00399nam a2200145Ia 4500
100 ## - MAIN ENTRY--AUTHOR NAME
Personal name Radhakrishnan B
245 #0 - TITLE STATEMENT
Title Indigenous preparations useful for pest and disease management
260 ## - PUBLICATION, DISTRIBUTION, ETC. (IMPRINT)
Name of publisher Planters Chronicle
Year of publication 2005
300 ## - PHYSICAL DESCRIPTION
Number of Pages 16-Apr
650 ## - SUBJECT ADDED ENTRY--TOPICAL TERM
Topical Term Biopesticides
650 ## - SUBJECT ADDED ENTRY--TOPICAL TERM
Topical Term Disease management
650 ## - SUBJECT ADDED ENTRY--TOPICAL TERM
Topical Term Pest management
942 ## - ADDED ENTRY ELEMENTS (KOHA)
Koha item type Journals
Holdings
Withdrawn status Lost status Damaged status Not for loan Home library Current library Shelving location Date acquired Serial Enumeration / chronology Koha item type
      Journals RRII Library RRII Library Pathology 17/12/2021 Volume 101, Issue 4 Journals